The mysteries, pagan and Christian : (Record no. 31698)
[ view plain ]
| 000 -LEADER | |
|---|---|
| fixed length control field | 01006cam a2200325 i 4500 |
| 001 - CONTROL NUMBER | |
| control field | 31698 |
| 003 - CONTROL NUMBER IDENTIFIER | |
| rucl marc code | BD-RjUL |
| 005 - DATE AND TIME OF LATEST TRANSACTION | |
| control field | 20211209051734.0 |
| 008 - FIXED-LENGTH DATA ELEMENTS--GENERAL INFORMATION | |
| fixed length control field | 140421t1897 enk b 000 0 eng d |
| 035 ## - SYSTEM CONTROL NUMBER | |
| System control number | (BD-RjUL)31786 |
| System control number | (UkLU-K)000421582 |
| System control number | (UkLCURL)12000421582 |
| 038 ## - RECORD CONTENT LICENSOR | |
| Record content licensor | CStRLIN |
| 040 ## - CATALOGING SOURCE | |
| Original cataloging agency | UkOxU |
| Language of cataloging | eng |
| Description conventions | rda |
| Transcribing agency | UkOxU |
| Modifying agency | BD-RjUL |
| 041 ## - LANGUAGE CODE | |
| Language code of text/sound track or separate title | eng |
| 082 ## - DEWEY DECIMAL CLASSIFICATION NUMBER | |
| Classification number | 270.1 |
| Author mark and year | CHM 1897 |
| 090 ## - LOCALLY ASSIGNED LC-TYPE CALL NUMBER (OCLC); LOCAL CALL NUMBER (OCLC) | |
| Classification number (OCLC) (R) ; Classification number, CALL (RLIN) (NR) | KCL |
| Local cutter number (OCLC) ; Book number/undivided call number, CALL (RLIN) | BR127 CHE |
| 100 1# - MAIN ENTRY--PERSONAL NAME | |
| Personal name | Cheetham, Samuel, |
| Dates associated with a name | 1827- |
| 9 (RLIN) | 96461 |
| 245 14 - TITLE STATEMENT | |
| Title | The mysteries, pagan and Christian : |
| Remainder of title | being the Hulsean lectures for 1896-97 / |
| Statement of responsibility, etc. | by S. Cheetham. |
| 260 ## - PUBLICATION, DISTRIBUTION, ETC. (IMPRINT) | |
| Place of publication, distribution, etc. | London : |
| Name of publisher, distributor, etc. | Macmillan and co., |
| Date of publication, distribution, etc. | 1897. |
| 300 ## - PHYSICAL DESCRIPTION | |
| Pagination | xviii, 150 p. ; |
| Size | 19 cm |
| 490 1# - SERIES STATEMENT | |
| Series statement | Hulsean lectures ; |
| Volume/sequential designation | 1896-1897 |
| 504 ## - BIBLIOGRAPHY, ETC. NOTE | |
| Bibliography, etc | Includes bibliographical references. |
| 650 #0 - SUBJECT ADDED ENTRY--TOPICAL TERM | |
| Topical term or geographic name as entry element | Christianity and other religions. |
| 9 (RLIN) | 96462 |
| Topical term or geographic name as entry element | Mysteries, Religious. |
| 9 (RLIN) | 96463 |
| 830 #0 - SERIES ADDED ENTRY--UNIFORM TITLE | |
| Volume number/sequential designation | 1896-1897. |
| Uniform title | Hulsean lectures ; |
| 942 ## - ADDED ENTRY ELEMENTS (KOHA) | |
| Source of classification or shelving scheme | Dewey Decimal Classification |
| Koha item type | Books |
| Lost status | Source of classification or shelving scheme | Damaged status | Not for loan | Collection code | Permanent Location | Current Location | Shelving location | Date acquired | Source of acquisition | Cost, normal purchase price | Total Checkouts | Full call number | Date last seen | Copy number | Koha item type |
|---|---|---|---|---|---|---|---|---|---|---|---|---|---|---|---|
| Dewey Decimal Classification | Non-fiction | Central Library, University of Rajshahi | Central Library, University of Rajshahi | 19/11/1956 | B.H.Blackkwell | 0.50 | 270.1 CHM 1897 | 21/04/2014 | C-1 | Books |